| 000 | 00405 a2200133 4500 | ||
|---|---|---|---|
| 001 | 86178 | ||
| 020 | _a8170289041 | ||
| 082 | _a891.439171 SAL | ||
| 090 |
_c40446 _d40446 |
||
| 100 | _aKuldip Salil | ||
| 245 |
_aThe best of Ahmed Faraz : selected ghazals and nazms with their English translation and in roman script also _cKuldip Salil |
||
| 260 |
_aDelhi _b Rajpal & Sons _c2011 |
||
| 300 | _a167p. | ||
| 942 |
_acaenust _k891.439171 SAL |
||
| 999 |
_c321251 _d321251 |
||